[Event "DFMM der LV 2011"]
[Site "Braunfels"]
[Date "2011.06.18"]
[Round "4.1"]
[White "Heymann Lobzhanidze, Anna Luise"]
[Black "Dergatschova Daus, Anna"]
[Result "0-1"]
[WhiteElo "2043"]
[BlackElo "2221"]
[PlyCount "92"]
[EventDate "2011.06.16"]
[EventType "team"]
[EventCountry "GER"]
[WhiteTeam "Hessen"]
[BlackTeam "Nordrhein Westfalen 1"]
[WhiteTeamCountry "GER"]
[BlackTeamCountry "GER"]

1. e4 c5 2. Nf3 Nc6 3. d4 cxd4 4. Nxd4 e6 5. Nc3 Qb6 6. Nxc6 bxc6 7. Be2 d5 8.
exd5 cxd5 9. O-O Nf6 10. Be3 Qa5 11. Bf4 Bd7 12. Bf3 Rc8 13. a3 Be7 14. Re1 Bc6
15. Qd2 Qb6 16. Be3 Qb7 17. Qd4 Qxb2 18. Ra2 Qb7 19. Rb1 Qa8 20. Qxa7 Qxa7 21.
Bxa7 O-O 22. a4 e5 23. a5 Ra8 24. Bb6 e4 25. Be2 Nd7 26. Bb5 Bxb5 27. Rxb5 Nxb6
28. Rxb6 e3 29. fxe3 Bc5 30. Rb5 Bxe3+ 31. Kf1 d4 32. Nd5 f5 33. a6 f4 34. Rb7
f3 35. gxf3 Rxf3+ 36. Ke1 Bg5 37. a7 Re8+ 38. Ne7+ Bxe7 39. Rxe7 Rxe7+ 40. Kd2
Rxa7 41. Rxa7 Rf2+ 42. Kd3 Rxh2 43. Rd7 Rh4 44. Rxd4 Rxd4+ 45. Kxd4 h5 46. c4
Kf7 0-1

[Event "DFMM der LV 2011"]
[Site "Braunfels"]
[Date "2011.06.18"]
[Round "4.2"]
[White "Engels, Natia"]
[Black "Ries, Jutta"]
[Result "1-0"]
[WhiteElo "2191"]
[BlackElo "1987"]
[PlyCount "129"]
[EventDate "2011.06.16"]
[EventType "team"]
[EventCountry "GER"]
[WhiteTeam "Nordrhein Westfalen 1"]
[BlackTeam "Hessen"]
[WhiteTeamCountry "GER"]
[BlackTeamCountry "GER"]

1. c4 Nf6 2. Nc3 g6 3. Nf3 Bg7 4. g3 O-O 5. Bg2 c6 6. O-O d5 7. cxd5 cxd5 8. d4
Nc6 9. Ne5 e6 10. Nxc6 bxc6 11. Na4 Nd7 12. e4 Re8 13. Be3 Rb8 14. Rc1 Nb6 15.
Nxb6 Rxb6 16. b3 Bf8 17. f3 a5 18. Rf2 Ba3 19. Rb1 Qe7 20. Rc2 Ba6 21. Bf1 Bb5
22. Bxb5 cxb5 23. Bc1 Bb4 24. Bf4 Rb7 25. Rbc1 Bd6 26. Bxd6 Qxd6 27. e5 Qb6 28.
Qd2 b4 29. Rc6 Qa7 30. Qf4 Rf8 31. R1c5 a4 32. Rc8 Rb8 33. R5c7 Rbxc8 34. Rxa7
axb3 35. axb3 Rc3 36. Rb7 Rxb3 37. Qd2 Rxf3 38. Qxb4 h5 39. Kg2 Rf5 40. Rb8
Rxb8 41. Qxb8+ Kg7 42. h3 g5 43. Qd8 Kh7 44. g4 hxg4 45. hxg4 Rf4 46. Qxg5 Rxd4
47. Kg3 Rd1 48. Qf6 Kg8 49. Kf2 Rh1 50. Ke3 Rh7 51. Qd8+ Kg7 52. Kf4 Rh1 53.
Qf6+ Kf8 54. Ke3 Rg1 55. g5 Rg4 56. Kd3 Kg8 57. Qh6 Rg1 58. Kd4 Rg4+ 59. Kc5
Rg2 60. Kd6 d4 61. Ke7 Ra2 62. Qf8+ Kh7 63. Qxf7+ Kh8 64. Qf6+ Kg8 65. Qxe6+
1-0

[Event "DFMM der LV 2011"]
[Site "Braunfels"]
[Date "2011.06.18"]
[Round "4.3"]
[White "Petri, Birgit"]
[Black "Zhang, Fan"]
[Result "0-1"]
[WhiteElo "2057"]
[BlackElo "2088"]
[PlyCount "134"]
[EventDate "2011.06.16"]
[EventType "team"]
[EventCountry "GER"]
[WhiteTeam "Hessen"]
[BlackTeam "Nordrhein Westfalen 1"]
[WhiteTeamCountry "GER"]
[BlackTeamCountry "GER"]

1. e4 e6 2. d4 d5 3. Nd2 c5 4. exd5 Qxd5 5. Ngf3 cxd4 6. Bc4 Qd6 7. Qe2 Nf6 8.
Nb3 Nc6 9. Bg5 Be7 10. O-O-O a6 11. Nbxd4 Qc5 12. Be3 Qa5 13. Kb1 Bd7 14. Rhe1
O-O 15. Bf4 b5 16. Nxc6 Bxc6 17. Bd3 b4 18. Nd4 Bd5 19. b3 Rfc8 20. g4 Bc6 21.
Nxc6 Rxc6 22. Bc4 Rac8 23. g5 Ne8 24. h4 Nd6 25. Bxd6 Bxd6 26. Qe4 Bf8 27. Rd7
R6c7 28. Red1 Rxd7 29. Rxd7 Rd8 30. Rd3 g6 31. f4 Rxd3 32. Bxd3 Qc5 33. Qc4
Qg1+ 34. Bf1 Qf2 35. f5 gxf5 36. a4 bxa3 37. Bd3 Qe1+ 38. Ka2 Qc1 39. Qc3 Bg7
40. Qc8+ Bf8 41. Qc3 Qf4 42. Bxa6 Qxh4 43. Bd3 Qf4 44. Qf6 Qd6 45. Qc3 Be7 46.
Qc8+ Kg7 47. Qc3+ Kg6 48. Qh8 Kxg5 49. Qg7+ Kf4 50. Qh6+ Ke5 51. Qe3+ Kd5 52.
Qa7 Qc5 53. Qb7+ Ke5 54. Qb8+ Bd6 55. Qh8+ f6 56. Qxh7 Qd4 57. Qh2+ Kd5 58.
Qh1+ Kc5 59. Qc1 Kc6 60. Qh1+ Kb6 61. Qc1 f4 62. Bc4 e5 63. Bd3 e4 64. Bf1 f3
65. c4 Qf2+ 66. Kb1 e3 67. Bd3 a2+ 0-1

[Event "DFMM der LV 2011"]
[Site "Braunfels"]
[Date "2011.06.18"]
[Round "4.4"]
[White "Leveikina, Jevgenija"]
[Black "Storkebaum, Ulrike"]
[Result "1-0"]
[WhiteElo "2100"]
[BlackElo "1849"]
[PlyCount "83"]
[EventDate "2011.06.16"]
[EventType "team"]
[EventCountry "GER"]
[WhiteTeam "Nordrhein Westfalen 1"]
[BlackTeam "Hessen"]
[WhiteTeamCountry "GER"]
[BlackTeamCountry "GER"]

1. d4 Nf6 2. Nf3 g6 3. g3 Bg7 4. Bg2 O-O 5. O-O d6 6. c3 Nbd7 7. Nbd2 c5 8. e4
Rb8 9. Qe2 Ne8 10. a4 Nc7 11. dxc5 Nxc5 12. Nd4 a6 13. b4 N5e6 14. Bb2 Nxd4 15.
cxd4 e5 16. dxe5 dxe5 17. Nc4 Qe7 18. b5 Rd8 19. Ba3 Qe6 20. b6 Ne8 21. Rfd1
Bd7 22. Bb4 Bf6 23. Bf1 h5 24. Qf3 Be7 25. Bc3 Rbc8 26. Qe2 f6 27. Bd2 Kg7 28.
Ne3 Bc6 29. Bg2 Rd4 30. Nd5 Bxa4 31. Rdc1 Rxc1+ 32. Rxc1 Bc6 33. Qe3 g5 34. Bc3
Ra4 35. Qe2 Kg6 36. Bf3 g4 37. Bg2 Bxd5 38. exd5 Qxb6 39. Qc2+ f5 40. Qxa4 Nd6
41. Bxe5 Nb5 42. Qc4 1-0

[Event "DFMM der LV 2011"]
[Site "Braunfels"]
[Date "2011.06.18"]
[Round "4.5"]
[White "Wallrabenstein, Elena"]
[Black "Vogel, Heike"]
[Result "0-1"]
[WhiteElo "1849"]
[BlackElo "2122"]
[PlyCount "42"]
[EventDate "2011.06.16"]
[EventType "team"]
[EventCountry "GER"]
[WhiteTeam "Hessen"]
[BlackTeam "Nordrhein Westfalen 1"]
[WhiteTeamCountry "GER"]
[BlackTeamCountry "GER"]

1. e4 d5 2. exd5 Nf6 3. Bb5+ Bd7 4. Bxd7+ Qxd7 5. c4 c6 6. Qa4 Qg4 7. dxc6 Nxc6
8. Kf1 e5 9. d3 O-O-O 10. Be3 Rxd3 11. Nc3 Bb4 12. Bxa7 Bxc3 13. bxc3 Rhd8 14.
f3 Qf5 15. Bb6 Rd2 16. Ne2 R8d3 17. Qa8+ Nb8 18. Qa4 Rxf3+ 19. Ke1 Qd3 20. Ng3
Re3+ 21. Bxe3 Qxe3+ 0-1

[Event "DFMM der LV 2011"]
[Site "Braunfels"]
[Date "2011.06.18"]
[Round "4.6"]
[White "Sokalska, Viktorija"]
[Black "Blanke, Manon"]
[Result "1-0"]
[WhiteElo "2018"]
[BlackElo "1900"]
[PlyCount "67"]
[EventDate "2011.06.16"]
[EventType "team"]
[EventCountry "GER"]
[WhiteTeam "Nordrhein Westfalen 1"]
[BlackTeam "Hessen"]
[WhiteTeamCountry "GER"]
[BlackTeamCountry "GER"]

1. e4 Nf6 2. Nc3 d5 3. exd5 Nxd5 4. Bc4 e6 5. Nf3 Be7 6. O-O O-O 7. Re1 Nxc3 8.
bxc3 c5 9. d4 cxd4 10. cxd4 Qc7 11. Bd3 Rd8 12. Ne5 Bf6 13. Bf4 Qe7 14. Re3 g6
15. c3 Nd7 16. Ng4 Nb6 17. Nxf6+ Qxf6 18. Rf3 Qe7 19. Qd2 Qa3 20. Bh6 Re8 21.
Qf4 f5 22. Qe5 Qe7 23. Re1 Nd7 24. Qg3 Kh8 25. Bc4 Nb6 26. Qe5+ Kg8 27. Bb3 a5
28. a3 a4 29. Ba2 Ra6 30. Rg3 Nd7 31. Qxf5 Kh8 32. Qf4 Qxa3 33. Qf7 Qe7 34.
Bg7# 1-0

[Event "DFMM der LV 2011"]
[Site "Braunfels"]
[Date "2011.06.18"]
[Round "4.7"]
[White "Fischer, Helena"]
[Black "Hund, Isabel"]
[Result "1/2-1/2"]
[WhiteElo "1559"]
[BlackElo "2069"]
[PlyCount "104"]
[EventDate "2011.06.16"]
[EventType "team"]
[EventCountry "GER"]
[WhiteTeam "Hessen"]
[BlackTeam "Nordrhein Westfalen 1"]
[WhiteTeamCountry "GER"]
[BlackTeamCountry "GER"]

1. e4 e5 2. Nc3 Nc6 3. Bc4 Nf6 4. d3 Be7 5. f4 d6 6. f5 Nd4 7. Nf3 Nxf3+ 8.
Qxf3 c6 9. g4 h6 10. h4 Ng8 11. g5 f6 12. Qh5+ Kd7 13. Bd2 Kc7 14. O-O-O Bd7
15. Rdg1 Qf8 16. gxh6 gxh6 17. Bxg8 Rxg8 18. Bxh6 Rxg1+ 19. Rxg1 Qh8 20. Qg6
Bf8 21. Bxf8 Rxf8 22. h5 Be8 23. Qg7+ Bf7 24. Qxh8 Rxh8 25. Rg7 Rf8 26. h6 Kd8
27. h7 Ke7 28. Ne2 Rh8 29. c4 Kf8 30. Rg2 Rxh7 31. b4 b6 32. Nc3 Ke7 33. a4 Rh8
34. Ra2 Rh1+ 35. Kb2 Rh2+ 36. Kb3 Rxa2 37. Kxa2 d5 38. Kb3 dxc4+ 39. dxc4 a6
40. b5 axb5 41. axb5 cxb5 42. Nxb5 Kd7 43. Kb4 Bh5 44. Nc3 Kc6 45. Nd5 Bf3 46.
Nxf6 Bg2 47. Kc3 Kd6 48. Kd2 Kc5 49. Kc3 Kd6 50. Kd2 Kc5 51. Nd7+ Kd6 52. Nf6
Kc5 1/2-1/2

[Event "DFMM der LV 2011"]
[Site "Braunfels"]
[Date "2011.06.18"]
[Round "4.8"]
[White "Reiter, Brigitte"]
[Black "Schirra, Sabine"]
[Result "1-0"]
[WhiteElo "1863"]
[BlackElo "1540"]
[PlyCount "109"]
[EventDate "2011.06.16"]
[EventType "team"]
[EventCountry "GER"]
[WhiteTeam "Nordrhein Westfalen 1"]
[BlackTeam "Hessen"]
[WhiteTeamCountry "GER"]
[BlackTeamCountry "GER"]

1. d4 g6 2. Nf3 Bg7 3. Bf4 d6 4. c3 Nf6 5. Nbd2 O-O 6. h3 Nbd7 7. Qc2 c5 8. e3
Nd5 9. Bg3 Re8 10. Be2 e5 11. dxc5 dxc5 12. O-O Qe7 13. Rfd1 Kh8 14. Nc4 N5b6
15. Nd6 Rf8 16. a4 Nb8 17. Nxc8 Rxc8 18. a5 N6d7 19. Nd2 Nc6 20. Nc4 Nf6 21. a6
b6 22. Bf3 e4 23. Be2 Rd8 24. Bh4 Qe6 25. Na3 Rd7 26. Bb5 Rc8 27. Bxf6 Bxf6 28.
Rxd7 Qxd7 29. Qxe4 Qc7 30. Qf3 Bg7 31. Bxc6 Qxc6 32. Qxc6 Rxc6 33. Nb5 Rc8 34.
Nxa7 Ra8 35. Nb5 Be5 36. f4 Bf6 37. a7 Bd8 38. Rd1 Bc7 39. Nxc7 Rxa7 40. Nd5 b5
41. e4 Kg7 42. e5 Kf8 43. Nf6 h5 44. Nd7+ Ke7 45. Nxc5 Rc7 46. b4 Ra7 47. Kf2
Rc7 48. Kf3 Ra7 49. g4 hxg4+ 50. hxg4 Rc7 51. Ke4 Ra7 52. Rd7+ Rxd7 53. Nxd7
Kxd7 54. Kd5 Kc7 55. Kc5 1-0

[Event "DFMM der LV 2011"]
[Site "Braunfels"]
[Date "2011.06.18"]
[Round "4.1"]
[White "Glaser, Andrea"]
[Black "Stroessner, Lena"]
[Result "0-1"]
[WhiteElo "1981"]
[BlackElo "1980"]
[PlyCount "62"]
[EventDate "2011.06.16"]
[EventType "team"]
[EventCountry "GER"]
[WhiteTeam "Sachsen Anhalt"]
[BlackTeam "Nordrhein Westfalen 2"]
[WhiteTeamCountry "GER"]
[BlackTeamCountry "GER"]

1. d4 d5 2. Nf3 e6 3. g3 Nf6 4. Bg2 Be7 5. O-O O-O 6. c4 dxc4 7. Ne5 c5 8. dxc5
Bxc5 9. Nxc4 Qe7 10. Nc3 Nc6 11. Bg5 Rd8 12. Qc1 Qf8 13. Bxf6 gxf6 14. Ne4 Be7
15. Qf4 Kg7 16. g4 e5 17. Qg3 Nd4 18. Nc3 Be6 19. Ne3 Kh8 20. Be4 Qh6 21. f4
Rac8 22. Kh1 Rxc3 23. bxc3 Nxe2 24. Qf3 Nxf4 25. Nf5 Qf8 26. Rfd1 Bc5 27. Bxb7
Rb8 28. Rd2 Bb6 29. Rad1 Qc5 30. Nd6 Rg8 31. Nf5 Bxf5 0-1

[Event "DFMM der LV 2011"]
[Site "Braunfels"]
[Date "2011.06.18"]
[Round "4.2"]
[White "Samorukova, Jana"]
[Black "Pflug, Tanja"]
[Result "1/2-1/2"]
[WhiteElo "1830"]
[BlackElo "2044"]
[PlyCount "54"]
[EventDate "2011.06.16"]
[EventType "team"]
[EventCountry "GER"]
[WhiteTeam "Nordrhein Westfalen 2"]
[BlackTeam "Sachsen Anhalt"]
[WhiteTeamCountry "GER"]
[BlackTeamCountry "GER"]

1. d4 f5 2. Bg5 g6 3. Nd2 d5 4. c4 Bg7 5. e3 c6 6. Ngf3 Nd7 7. cxd5 cxd5 8. Qb3
Ngf6 9. Bb5 a6 10. Bxd7+ Qxd7 11. Ne5 Qb5 12. Qxb5+ axb5 13. Bxf6 Bxf6 14. Nd3
b6 15. Ke2 Ba6 16. Nb4 Bb7 17. f4 Rc8 18. Rac1 Kd7 19. g3 g5 20. Rxc8 Rxc8 21.
b3 e6 22. Nf3 gxf4 23. gxf4 Be7 24. Ne5+ Ke8 25. Ned3 Bd6 26. Kd2 Kf7 27. Rg1
Rc7 1/2-1/2

[Event "DFMM der LV 2011"]
[Site "Braunfels"]
[Date "2011.06.18"]
[Round "4.3"]
[White "Woelfer, Wiebke"]
[Black "Drose, Daniela"]
[Result "1/2-1/2"]
[WhiteElo "1767"]
[BlackElo "1961"]
[PlyCount "97"]
[EventDate "2011.06.16"]
[EventType "team"]
[EventCountry "GER"]
[WhiteTeam "Sachsen Anhalt"]
[BlackTeam "Nordrhein Westfalen 2"]
[WhiteTeamCountry "GER"]
[BlackTeamCountry "GER"]

1. e4 d5 2. exd5 Qxd5 3. Nc3 Qd6 4. g3 c6 5. Bg2 Nf6 6. Nge2 e5 7. d4 Bf5 8.
O-O Nbd7 9. dxe5 Nxe5 10. Qxd6 Bxd6 11. Nd4 Bg6 12. Re1 O-O-O 13. Nce2 Bc5 14.
Nb3 Bb6 15. Nf4 Nfg4 16. Be3 Nxe3 17. fxe3 Bxc2 18. Nd4 Rxd4 19. exd4 Bxd4+ 20.
Kf1 Bxb2 21. Rab1 Bxb1 22. Rxb1 Nc4 23. Bh3+ Kc7 24. Re1 Nd2+ 25. Kg2 Bf6 26.
Nh5 Bd4 27. Re7+ Kb6 28. Rxf7 Re8 29. Bg4 g6 30. Nf4 h5 31. Bd7 Rg8 32. Ne6 Be5
33. Ng5 c5 34. Rf2 Nc4 35. Be6 Ne3+ 36. Kh3 Rd8 37. Nf7 Re8 38. Ng5 c4 39. Bf7
Rf8 40. Re2 Bf6 41. Rxe3 Bxg5 42. Re6+ Kc7 43. Bxg6 Rf2 44. Re5 Bf6 45. Rc5+
Kd6 46. Rxc4 h4 47. Ra4 a6 48. Be4 Rb2 49. gxh4 1/2-1/2

[Event "DFMM der LV 2011"]
[Site "Braunfels"]
[Date "2011.06.18"]
[Round "4.4"]
[White "Kaplun, Viktoria"]
[Black "Hartung, Katja"]
[Result "1/2-1/2"]
[WhiteElo "1856"]
[BlackElo "1933"]
[PlyCount "104"]
[EventDate "2011.06.16"]
[EventType "team"]
[EventCountry "GER"]
[WhiteTeam "Nordrhein Westfalen 2"]
[BlackTeam "Sachsen Anhalt"]
[WhiteTeamCountry "GER"]
[BlackTeamCountry "GER"]

1. d4 d5 2. c4 e6 3. Nc3 c6 4. Nf3 dxc4 5. a4 Bb4 6. Bd2 Nf6 7. e3 b5 8. Qc2
O-O 9. b3 Qa5 10. bxc4 Bxc3 11. Qxc3 Qxc3 12. Bxc3 Ne4 13. Bb2 b4 14. Bd3 Nf6
15. a5 Rd8 16. Ra4 Na6 17. c5 Nxc5 18. dxc5 Rxd3 19. Rxb4 Nd5 20. Rd4 Rb3 21.
Rd2 Rab8 22. Bc1 Ba6 23. Kd1 Bb5 24. Nd4 Rb4 25. Rb2 Ba4+ 26. Rc2 Bxc2+ 27.
Kxc2 Rc4+ 28. Kd2 Nb4 29. Ba3 e5 30. Nf5 Rxc5 31. Rb1 Rd8+ 32. Ke2 Rc2+ 33. Kf3
Nd5 34. Rb7 Ra2 35. Bc5 Rxa5 36. Bxa7 g6 37. Ne7+ Kg7 38. Nxc6 e4+ 39. Kg3 Rxa7
40. Nxd8 Rxb7 41. Nxb7 f5 42. Nd6 Kf6 43. h4 h6 44. Nc4 g5 45. hxg5+ hxg5 46.
f3 exf3 47. gxf3 Nxe3 48. Nxe3 f4+ 49. Kf2 fxe3+ 50. Kxe3 Ke5 51. Ke2 Kf4 52.
Kf2 g4 1/2-1/2

[Event "DFMM der LV 2011"]
[Site "Braunfels"]
[Date "2011.06.18"]
[Round "4.5"]
[White "Weiss, Katharina"]
[Black "Kaehmann, Lisa"]
[Result "1-0"]
[WhiteElo "1764"]
[BlackElo "1652"]
[PlyCount "69"]
[EventDate "2011.06.16"]
[EventType "team"]
[EventCountry "GER"]
[WhiteTeam "Sachsen Anhalt"]
[BlackTeam "Nordrhein Westfalen 2"]
[WhiteTeamCountry "GER"]
[BlackTeamCountry "GER"]

1. e4 e5 2. Nf3 Nc6 3. Nc3 Nf6 4. d4 exd4 5. Nxd4 Be7 6. f4 d6 7. Be2 O-O 8.
Be3 Re8 9. Bf3 Bf8 10. Qe2 Bd7 11. O-O-O Nxd4 12. Rxd4 c5 13. Rdd1 Qc7 14. g4
Bc6 15. Qg2 Rab8 16. g5 Nd7 17. f5 Ne5 18. Bh5 g6 19. fxg6 fxg6 20. Be2 Nd7 21.
Bc4+ Kh8 22. h4 Ne5 23. Nd5 Qd8 24. Be2 Bxd5 25. exd5 b5 26. h5 Qd7 27. hxg6
Nxg6 28. Bd3 Qg7 29. Rh6 Rxe3 30. Bxg6 Qxh6 31. gxh6 Bxh6 32. Kb1 Rg8 33. Qg4
Re7 34. Qh4 Reg7 35. Qxh6 1-0

[Event "DFMM der LV 2011"]
[Site "Braunfels"]
[Date "2011.06.18"]
[Round "4.6"]
[White "Roitburd, Swetlana"]
[Black "Schwebbach, Angelika"]
[Result "0-1"]
[WhiteElo "1647"]
[BlackElo "1855"]
[PlyCount "78"]
[EventDate "2011.06.16"]
[EventType "team"]
[EventCountry "GER"]
[WhiteTeam "Nordrhein Westfalen 2"]
[BlackTeam "Sachsen Anhalt"]
[WhiteTeamCountry "GER"]
[BlackTeamCountry "GER"]

1. e4 e5 2. Nf3 Nc6 3. Bb5 a6 4. Bxc6 dxc6 5. Nc3 Bg4 6. O-O Qf6 7. d3 h5 8. h3
Bxf3 9. Qxf3 Qxf3 10. gxf3 Ne7 11. f4 exf4 12. Bxf4 O-O-O 13. Rae1 Ng6 14. Bh2
Bc5 15. Kh1 Bd4 16. f4 Ne7 17. f5 Rhe8 18. Bg3 c5 19. Kg2 Nc6 20. Nd5 Be5 21.
Bxe5 Nxe5 22. f6 g6 23. Rf2 Nc6 24. Nc3 Nd4 25. Na4 b6 26. Nc3 Kb7 27. Ref1 c6
28. Nd1 Re5 29. Ne3 Rg5+ 30. Kh2 b5 31. h4 Re5 32. Rd1 Ne6 33. Rg1 Nf8 34. Rgg2
Re6 35. Rg1 Rdd6 36. Rgf1 Nd7 37. Ng2 Ne5 38. Kh3 Ng4 39. Rf4 Kc7 $138 0-1

[Event "DFMM der LV 2011"]
[Site "Braunfels"]
[Date "2011.06.18"]
[Round "4.7"]
[White "Domaske, Susann"]
[Black "Koenig, Daniela"]
[Result "1/2-1/2"]
[WhiteElo "1626"]
[BlackElo "1608"]
[PlyCount "66"]
[EventDate "2011.06.16"]
[EventType "team"]
[EventCountry "GER"]
[WhiteTeam "Sachsen Anhalt"]
[BlackTeam "Nordrhein Westfalen 2"]
[WhiteTeamCountry "GER"]
[BlackTeamCountry "GER"]

1. d4 Nf6 2. c4 g6 3. Nf3 Bg7 4. Nc3 O-O 5. Bg5 c5 6. d5 d6 7. h3 Na6 8. a3 Nc7
9. Qc1 a6 10. Bh6 b5 11. Bxg7 Kxg7 12. b3 bxc4 13. bxc4 Rb8 14. e4 Bd7 15. Bd3
Na8 16. O-O Qa5 17. Nd2 Rb7 18. Rb1 Rfb8 19. Rxb7 Rxb7 20. Qa1 Kg8 21. Rb1
Rxb1+ 22. Ncxb1 Qb6 23. e5 Nh5 24. exd6 exd6 25. Ne4 Bf5 26. Nbd2 Qd8 27. Qb2
Bxe4 28. Nxe4 f5 29. Nc3 Qb6 30. Qe2 Ng7 31. Qe7 Qc7 32. Qf6 Nb6 33. Ne2 Nc8
1/2-1/2

[Event "DFMM der LV 2011"]
[Site "Braunfels"]
[Date "2011.06.18"]
[Round "4.8"]
[White "Weber, Daniela"]
[Black "Becker, Franziska"]
[Result "0-1"]
[WhiteElo "1368"]
[BlackElo "1529"]
[PlyCount "80"]
[EventDate "2011.06.16"]
[EventType "team"]
[EventCountry "GER"]
[WhiteTeam "Nordrhein Westfalen 2"]
[BlackTeam "Sachsen Anhalt"]
[WhiteTeamCountry "GER"]
[BlackTeamCountry "GER"]

1. e4 e6 2. d4 d5 3. e5 c5 4. c3 Bd7 5. a4 Nc6 6. Nf3 Qb6 7. b3 cxd4 8. cxd4
Bb4+ 9. Bd2 Nxd4 10. Bxb4 Qxb4+ 11. Nbd2 Rc8 12. Rc1 Rxc1 13. Qxc1 Nxb3 14. Qc2
Nxd2 15. Nxd2 Qxa4 16. Qxa4 Bxa4 17. Bd3 Ne7 18. O-O a6 19. Rc1 Kd7 20. Kf1 Nc6
21. f4 b5 22. Ke1 h6 23. Nf3 Rc8 24. Kd2 Nb4 25. Rxc8 Kxc8 26. Bb1 Kc7 27. Nd4
Nc6 28. Ne2 Kb6 29. Kd3 Kc5 30. Nc3 Bb3 31. Kd2 a5 32. Bd3 b4 33. Nb1 a4 34.
Kc1 a3 35. Nd2 Ba2 36. Bc2 Nd4 37. Bd3 Nb3+ 38. Nxb3+ Bxb3 39. Kb1 Kd4 40. Bf1
Kc3 0-1

[Event "DFMM der LV 2011"]
[Site "Braunfels"]
[Date "2011.06.18"]
[Round "4.1"]
[White "Mueller, Elke"]
[Black "Ankerst, Milka"]
[Result "0-1"]
[WhiteElo "1970"]
[BlackElo "2087"]
[PlyCount "112"]
[EventDate "2011.06.16"]
[EventType "team"]
[EventCountry "GER"]
[WhiteTeam "Saarland"]
[BlackTeam "Bayern"]
[WhiteTeamCountry "GER"]
[BlackTeamCountry "GER"]

1. e4 c5 2. Nc3 Nc6 3. g3 g6 4. Bg2 Bg7 5. d3 e6 6. Be3 b6 7. Qd2 d6 8. Nge2
Nd4 9. O-O Bd7 10. Rae1 Rc8 11. g4 Ne7 12. Ng3 O-O 13. Nd1 f5 14. exf5 gxf5 15.
Nh5 Rf7 16. c3 Ndc6 17. Bh6 Bxh6 18. Qxh6 Qf8 19. Qxf8+ Rfxf8 20. g5 Kf7 21.
Nf6 Rfd8 22. f4 h6 23. h4 Nb8 24. Nxd7 Nxd7 25. Bf3 Rg8 26. Bh5+ Ng6 27. Ne3 b5
28. Ng2 Ke7 29. Re2 Ndf8 30. Rfe1 hxg5 31. fxg5 Nxh4 32. Nf4 Rxg5+ 33. Kf2 e5
34. Rh1 Nfg6 35. Bxg6 Nxg6 36. Rh7+ Kf6 37. Nd5+ Ke6 38. c4 bxc4 39. dxc4 e4
40. Rg7 Rh8 41. Ke1 Rg4 42. Kd2 Ke5 43. Ne3 Rg3 44. Nd5 f4 45. Nc3 e3+ 46. Kd3
Kf6 47. Rxa7 Rgh3 48. Ne4+ Ke5 49. Ng5 Kf5 50. Nxh3 Ne5+ 51. Kc3 Rxh3 52. Ra8
Ke4 53. Rf8 f3 54. Re1 e2 55. Kc2 Ke3 56. b3 f2 0-1

[Event "DFMM der LV 2011"]
[Site "Braunfels"]
[Date "2011.06.18"]
[Round "4.2"]
[White "Fishkin, Natalie"]
[Black "Noll, Sonja"]
[Result "1-0"]
[WhiteElo "2065"]
[BlackElo "1869"]
[PlyCount "51"]
[EventDate "2011.06.16"]
[EventType "team"]
[EventCountry "GER"]
[WhiteTeam "Bayern"]
[BlackTeam "Saarland"]
[WhiteTeamCountry "GER"]
[BlackTeamCountry "GER"]

1. e4 Nf6 2. e5 Nd5 3. d4 Nb6 4. c4 d6 5. f4 dxe5 6. fxe5 Bf5 7. Nf3 e6 8. Bd3
Bb4+ 9. Nc3 Bg4 10. a3 Be7 11. O-O Bxf3 12. Qxf3 Qxd4+ 13. Be3 Qxe5 14. Qxf7+
Kd8 15. Qf2 N8d7 16. Rae1 Bd6 17. Qh4+ Be7 18. Qh3 Bc5 19. Kh1 Qd6 20. Bg5+ Kc8
21. Nb5 Qe5 22. Rxe5 Nxe5 23. Qxe6+ Nbd7 24. Re1 Bd6 25. c5 Rf8 26. cxd6 1-0

[Event "DFMM der LV 2011"]
[Site "Braunfels"]
[Date "2011.06.18"]
[Round "4.3"]
[White "Thewes, Marion"]
[Black "Dirmeier, Carolin"]
[Result "0-1"]
[WhiteElo "1511"]
[BlackElo "2035"]
[PlyCount "46"]
[EventDate "2011.06.16"]
[EventType "team"]
[EventCountry "GER"]
[WhiteTeam "Saarland"]
[BlackTeam "Bayern"]
[WhiteTeamCountry "GER"]
[BlackTeamCountry "GER"]

1. e4 c5 2. Nf3 Nc6 3. d4 cxd4 4. Nxd4 Nf6 5. Nc3 e5 6. Nf3 Bb4 7. Bd2 Bxc3 8.
Bxc3 Nxe4 9. Bxe5 Nxe5 10. Nxe5 Qa5+ 11. c3 Qxe5 12. Qe2 d6 13. O-O-O O-O 14.
Qf3 Nf6 15. Bd3 Qa5 16. Qf4 Qxa2 17. Qxd6 Be6 18. Qb4 Bb3 19. Rde1 Be6 20. Re5
a5 21. Qb6 a4 22. Bb1 Qc4 23. Re4 Nxe4 0-1

[Event "DFMM der LV 2011"]
[Site "Braunfels"]
[Date "2011.06.18"]
[Round "4.4"]
[White "Niedermaier, Barbara"]
[Black "Ramm, Madlen"]
[Result "1-0"]
[WhiteElo "1982"]
[BlackElo "1512"]
[PlyCount "97"]
[EventDate "2011.06.16"]
[EventType "team"]
[EventCountry "GER"]
[WhiteTeam "Bayern"]
[BlackTeam "Saarland"]
[WhiteTeamCountry "GER"]
[BlackTeamCountry "GER"]

1. e4 d5 2. exd5 Qxd5 3. Nc3 Qd6 4. d4 Nf6 5. h3 c6 6. Nf3 Bf5 7. Bc4 e6 8. Bg5
Be7 9. Qe2 Nbd7 10. a3 h6 11. Bh4 Nb6 12. Bg3 Qd7 13. Ba2 O-O 14. Be5 Nfd5 15.
Nxd5 cxd5 16. O-O Rac8 17. c3 Nc4 18. Bb1 Bxb1 19. Raxb1 Bd6 20. Bxd6 Qxd6 21.
Ne5 Qe7 22. Nxc4 Rxc4 23. Rfd1 Qg5 24. Rd3 Qg6 25. Rbd1 f5 26. Rg3 Qf7 27. Re1
Re8 28. Re3 Rc6 29. Re5 Kf8 30. Qd3 g6 31. R1e3 Qf6 32. Qe2 Kf7 33. Rxd5 exd5
34. Rxe8 Re6 35. Rxe6 Qxe6 36. Qxe6+ Kxe6 37. Kf1 f4 38. Ke2 g5 39. Kd3 b5 40.
b3 h5 41. c4 a6 42. g4 h4 43. f3 a5 44. cxb5 Kd6 45. Kc3 Kc7 46. a4 Kb7 47. b4
Kb6 48. bxa5+ Kxa5 49. Kb3 1-0

[Event "DFMM der LV 2011"]
[Site "Braunfels"]
[Date "2011.06.18"]
[Round "4.5"]
[White "Weinmann, Helene"]
[Black "Birkholz, Mary"]
[Result "1/2-1/2"]
[WhiteElo "1431"]
[BlackElo "1945"]
[PlyCount "200"]
[EventDate "2011.06.16"]
[EventType "team"]
[EventCountry "GER"]
[WhiteTeam "Saarland"]
[BlackTeam "Bayern"]
[WhiteTeamCountry "GER"]
[BlackTeamCountry "GER"]

1. d4 d5 2. Nf3 Nf6 3. c3 Nc6 4. Bf4 e6 5. Nbd2 Be7 6. e3 O-O 7. Bd3 h6 8. h3
Bd6 9. Bxd6 cxd6 10. O-O e5 11. Be2 e4 12. Nh2 Bf5 13. Bg4 Bg6 14. f4 Nxg4 15.
Qxg4 h5 16. Qg3 Ne7 17. Qf2 Nf5 18. Rfe1 h4 19. Ndf1 Bh7 20. g4 hxg3 21. Nxg3
Nh4 22. Kh1 f5 23. Rg1 Qf6 24. Nh5 Qd8 25. Rxg7+ Kh8 26. Rg5 Ng6 27. Rag1 Rg8
28. Nf1 Ne7 29. Rxg8+ Nxg8 30. Qg3 Qe7 31. Qg5 Qf7 32. Qg7+ Qxg7 33. Rxg7 Nf6
34. Nfg3 b6 35. Rc7 Ne8 36. Re7 Kg8 37. Rxe8+ Rxe8 38. Nf6+ Kf7 39. Nxe8 Kxe8
40. Kg2 Kf7 41. Kh2 Kg7 42. h4 Kf6 43. Kh3 Bg8 44. h5 Be6 45. Kh4 Bd7 46. Nf1
Bb5 47. Nd2 a5 48. a3 Be2 49. h6 Kg6 50. h7 Kxh7 51. Kg5 Bg4 52. Kf6 Kh6 53.
Nf1 Kh5 54. Ke6 Kh4 55. Kxd6 Be2 56. Nd2 Kg3 57. Kxd5 Kf2 58. Nc4 Bxc4+ 59.
Kxc4 Kxe3 60. d5 Kf2 61. d6 e3 62. d7 e2 63. d8=Q e1=Q 64. Qd4+ Kf3 65. Kb5
Qe8+ 66. Kxb6 Qb8+ 67. Kxa5 Qxb2 68. Qb4 Qf2 69. Qd6 Qa7+ 70. Kb4 Qb7+ 71. Kc5
Qa7+ 72. Kd5 Qe3 73. Qe5 Qd3+ 74. Ke6 Qa6+ 75. Kxf5 Qc8+ 76. Kg6 Qg8+ 77. Kf6
Qd8+ 78. Ke6 Qc8+ 79. Kd5 Qa8+ 80. Kd4 Qa7+ 81. Qc5 Qg7+ 82. Qe5 Qa7+ 83. Kd3
Qa6+ 84. c4 Qxa3+ 85. Kd4 Qa1+ 86. Kd5 Qa8+ 87. Ke6 Qc6+ 88. Ke7 Qb7+ 89. Kf6
Qc6+ 90. Qe6 Qc7 91. f5 Kf4 92. Kg6 Qc5 93. Kf7 Qa7+ 94. Qe7 Qa2 95. Qe6 Qa7+
96. Kg6 Qg1+ 97. Kf6 Qg5+ 98. Kf7 Qxf5+ 99. Qxf5+ Kxf5 100. Ke7 Ke5 1/2-1/2